000
00369nam a2200133Ia 4500
008
151001s9999||||xx |||||||||||||| ||und||
100
_a
द्विवेदी हिमांशु
245
_a
बहाव
250
_a
1
260
_b
प्रभात प्रकाशन दिल्ली
260
_c
२०१३
300
_a
215
365
_b
21
999
_c
1001745
_d
1001742